[Event "JUG-ch"]
[Site "Banja Vrucica"]
[Date "1991.??.??"]
[Round "?"]
[White "Krivokapic, Ratko"]
[Black "Bakic, Dragan"]
[Result "0-1"]
[WhiteElo "2215"]
[BlackElo "2235"]

1.Nf3 Nf6 2.c4 d6 3.d4 g6 4.Nc3 Bg7 5.e4 O-O 6.Be2 e5 7.O-O Na6 8.Be3 Ng4
9.Bg5 Qe8 10.h3 h6 11.Bc1 Nf6 12.d5 Nc5 13.Qc2 a5 14.Nd2 a4 15.Rb1 Bd7 16.b4 axb3
17.axb3 Nh5 18.Bxh5 gxh5 19.b4 Na6 20.Ba3 b6 21.Rfe1 f5 22.exf5 Bxf5 23.Nce4 Qg6
24.Rb3 h4 25.Rbe3 Kh8 26.Qd1 Bd7 27.Nf3 Rf4 28.Kh1 Rg8 29.Qe2 Bf8 30.Qf1 Bf5
31.Nfd2 Nb8 32.f3 Nd7 33.Bc1 h5 34.Nf2 b5 35.Nd3 Bxd3 36.Rxd3 bxc4 37.Rc3 Nb6
38.Ne4 Rf7 39.b5 Bh6 40.Bxh6 Qxh6 41.Rd1 Qf4 42.Ra3 Nxd5 43.Nxd6 Rfg7 44.Rxd5 Rxg2
45.Nf7+ Qxf7 46.Rd1 Qf5 47.f4 Qc2  0-1

[Event "JUG-ch"]
[Site "Banja Vrucica"]
[Date "1991.??.??"]
[Round "?"]
[White "Mozetic, Dejan"]
[Black "Tosic, Miroslav"]
[Result "1-0"]
[WhiteElo "2265"]
[BlackElo "2455"]

1.c4 g6 2.e4 Bg7 3.d4 d6 4.Nc3 Nf6 5.Nf3 O-O 6.Be2 e5 7.Be3 Ng4 8.Bg5 f6
9.Bh4 Nh6 10.dxe5 g5 11.Qd5+ Nf7 12.e6 gxh4 13.exf7+ Kh8 14.Nxh4 Qe7 15.Qh5 Qxf7
16.Qxf7 Rxf7 17.Nd5 Na6 18.O-O f5 19.Nxf5 Bxf5 20.exf5 Rxf5 21.Rad1 Raf8
22.b3 c6 23.Ne3 R5f6 24.Bd3 Nc5 25.Bc2 h5 26.g3 R8f7 27.f4 Bf8 28.Rfe1 Ne6
29.Ng2 Nc7 30.Nh4 Kg7 31.Be4 Kh6 32.Kg2 a5 33.h3 Na6 34.Kf3 Nc5 35.Bc2 Kg7
36.Re2 Na6 37.Ng2 Nc7 38.Rde1 d5 39.Re5 Bb4 40.R1e2 Rh6 41.Nh4 Kf8 42.cxd5 cxd5
43.Rg5 Re6 44.Ng6+ Ke8 45.Rxe6+ Nxe6 46.Re5 Kd7 47.Rxd5+ Kc7 48.Bd3 Ng7 49.Ne5 Re7
50.Bb5 Nf5 51.Rd7+ Rxd7 52.Bxd7 Nd4+ 53.Ke3 Bc5 54.Kd3 Kd6 55.g4 hxg4 56.hxg4 b6
57.g5 Ke7 58.f5 Kd6 59.g6  1-0

[Event "JUG-ch"]
[Site "Banja Vrucica"]
[Date "1991.??.??"]
[Round "?"]
[White "Tosic, Miroslav"]
[Black "Brenjo, Slavisa"]
[Result "1-0"]
[WhiteElo "2455"]
[BlackElo "2320"]

1.d4 Nf6 2.c4 g6 3.Nc3 Bg7 4.e4 d6 5.Nf3 O-O 6.Be2 e5 7.d5 a5 8.Be3 Na6 9.Nd2 Ne8
10.g4 Nc5 11.Rg1 Kh8 12.Nf1 f5 13.gxf5 gxf5 14.exf5 Bxf5 15.Ng3 Bg6 16.Qd2 Nf6
17.O-O-O Qd7 18.h4 Nfe4 19.Ngxe4 Nxe4 20.Nxe4 Bxe4 21.Bg4 Qa4 22.b3 Qa3+
23.Qb2 Qxb2+ 24.Kxb2 Rf6 25.Rde1 Raf8 26.Ka3 Bd3 27.Rg3 Bg6 28.Reg1 Bf7 29.Be6 Rg6
30.Bxf7 Rxg3 31.Rxg3 Rxf7 32.Ka4 Rf8 33.h5 Rf6 34.Kxa5 Bh6 35.a4 Bxe3 36.fxe3 h6
37.Kb5 Kh7 38.a5 Rf5 39.Rh3 Kg7 40.b4 Kf6 41.a6 bxa6+ 42.Kxa6 e4 43.Kb7 Ke5
44.Rh1 Rf2 45.Re1 Rf7 46.Kc6 Rg7 47.b5 Rf7 48.Ra1  1-0

[Event "JUG-ch"]
[Site "Banja Vrucica"]
[Date "1991.??.??"]
[Round "?"]
[White "Tosic, Miroslav"]
[Black "Ristic, Nebojsa"]
[Result "1-0"]
[WhiteElo "2455"]
[BlackElo "2410"]

1.d4 Nf6 2.c4 g6 3.Nc3 Bg7 4.e4 d6 5.Nf3 O-O 6.Be2 e5 7.d5 a5 8.h3 Nh5 9.Nd2 Nf4
10.Bf1 f5 11.g3 Nh5 12.exf5 e4 13.Ndxe4 Bxf5 14.Bg2 Nd7 15.O-O Ne5 16.c5 h6
17.f4 Bxe4 18.Nxe4 Nd7 19.cxd6 cxd6 20.Qg4  1-0

[Event "JUG-ch"]
[Site "Banja Vrucica"]
[Date "1991.??.??"]
[Round "?"]
[White "Sahovic, Dragutin"]
[Black "Dumpor, Atif"]
[Result "1-0"]
[WhiteElo "2365"]
[BlackElo "2295"]

1.d4 Nf6 2.c4 g6 3.Nc3 Bg7 4.e4 d6 5.Nf3 O-O 6.Be2 e5 7.Be3 exd4 8.Nxd4 Re8
9.f3 c6 10.Nc2 d5 11.cxd5 cxd5 12.exd5 Bf5 13.Bf2 Nxd5 14.Nxd5 Bxc2 15.Qxc2 Qxd5
16.O-O Nc6 17.Bc4 Qd7 18.Rad1 Qc7 19.Bd5 Re7 20.Bxc6 bxc6 21.Rfe1 Rae8 22.Rxe7 Rxe7
23.b3 Be5 24.g3 h5 25.Rc1 Re6 26.Qc5 a6 27.f4 Bf6 28.f5 Be7 29.Qc2 gxf5 30.Qxf5 h4
31.gxh4 Qd7 32.Qf3 Rg6+ 33.Kh1 Qd2 34.Rd1 Qxa2 35.h5 Rf6 36.Qg4+ Kh7 37.Rg1  1-0

[Event "JUG-ch"]
[Site "Banja Vrucica"]
[Date "1991.??.??"]
[Round "?"]
[White "Mijailovic, Zoran"]
[Black "Sahovic, Dragutin"]
[Result "1-0"]
[WhiteElo "2330"]
[BlackElo "2365"]

1.Nf3 Nf6 2.c4 g6 3.Nc3 Bg7 4.e4 d6 5.d4 O-O 6.Be2 e5 7.Be3 Ng4 8.Bg5 f6
9.Bc1 Nc6 10.h3 Nh6 11.d5 Ne7 12.g4 Nf7 13.g5 Nxg5 14.Nxg5 fxg5 15.Bxg5 Bf6
16.Bh6 Rf7 17.h4 Kh8 18.Be3 h5 19.Kd2 c6 20.a4 cxd5 21.cxd5 Qa5 22.Qb3 Ng8
23.Rag1 Rg7 24.Qd1 Bd7 25.Bxh5 Be8 26.Bg4 Qb4 27.Qc2 Rc7 28.Be6 Ne7 29.f3 b5
30.axb5 Bxb5 31.h5 g5 32.Ke1 Nc8 33.Qd2 Rg7 34.Bxg5 Bxg5 35.Rxg5 Nb6 36.Rxg7 Kxg7
37.Rg1+  1-0

[Event "JUG-ch"]
[Site "Banja Vrucica"]
[Date "1991.??.??"]
[Round "?"]
[White "Mozetic, Dejan"]
[Black "Ivanovic, Bozidar"]
[Result "1/2-1/2"]
[WhiteElo "2265"]
[BlackElo "2535"]

1.c4 Nf6 2.Nc3 g6 3.e4 d6 4.d4 Bg7 5.Nf3 O-O 6.Be2 e5 7.Be3 Ng4 8.Bg5 f6
9.Bh4 Nd7 10.O-O Nh6 11.Rc1 Kh8 12.h3 g5 13.Bg3 f5 14.exf5 Nxf5 15.d5 g4
16.hxg4 Nxg3 17.fxg3 Bh6 18.Rb1 Be3+ 19.Kh1 Nf6 20.Nh4 Rg8 21.Qd3 Bg5 22.Nf5 Rg6
23.Ne4 Nxe4 24.Qxe4 c6 25.Bd3 cxd5 26.cxd5 Bxf5  1/2-1/2

[Event "JUG-ch"]
[Site "Banja Vrucica"]
[Date "1991.??.??"]
[Round "?"]
[White "Miladinovic, Igor"]
[Black "Markovic, Miroslav"]
[Result "0-1"]
[WhiteElo "2375"]
[BlackElo "2395"]

1.d4 Nf6 2.c4 g6 3.Nc3 Bg7 4.e4 d6 5.Be2 O-O 6.Nf3 e5 7.O-O Na6 8.d5 Nc5
9.Qc2 a5 10.Bg5 h6 11.Be3 b6 12.Nd2 Ng4 13.Bxg4 Bxg4 14.a3 Na6 15.Rab1 f5
16.f3 Bh5 17.b4 axb4 18.axb4 f4 19.Bf2 g5 20.h3 Bg6 21.Qb3 h5 22.Rfc1 Bf6
23.Ra1 g4 24.hxg4 hxg4 25.Kf1 Bh4 26.Nd1 Bg3 27.Bg1 Qh4 28.Nf2 gxf3 29.gxf3 Kf7
30.Ke2 Bh5 31.Qa4 Qd8 32.Qb3 Rg8 33.Ra4 Bh4 34.Qa3 Qc8 35.Ra1 Rg2 36.b5 Qg8
37.Qc1 Qg3 38.Qf1 Nb4 39.Rxa8 Nc2 40.R1a7 Nd4+ 41.Kd3 Bxf3 42.Rxc7+ Be7  0-1

[Event "JUG-ch"]
[Site "Banja Vrucica"]
[Date "1991.??.??"]
[Round "?"]
[White "Kozul, Zdenko"]
[Black "Strikovic, Aleksa"]
[Result "1/2-1/2"]
[WhiteElo "2580"]
[BlackElo "2495"]

1.d4 d6 2.Nf3 g6 3.c4 Bg7 4.Nc3 Nf6 5.e4 O-O 6.Be2 e5 7.O-O Nbd7 8.Qc2 c6
9.Rd1 Re8 10.d5 Qc7 11.b3 a5 12.Ba3 Nc5 13.Ne1 Bd7 14.Bxc5 dxc5 15.Nd3 b6
16.Rf1 cxd5 17.cxd5 c4 18.bxc4 Qxc4 19.Nxe5 Qc5 20.Nxd7 Nxd7 21.Rac1 Rac8
22.Bb5 Qxc3 23.Qb1 Qb4 24.Rxc8 Rxc8 25.Bxd7 Qxb1 26.Rxb1 Rc2 27.a4 Bd4 28.Rf1 Re2
29.Bc6 Bc5 30.g3 g5 31.h3 h5 32.Kg2 g4 33.hxg4 hxg4 34.e5 Rxe5 35.Rd1 Re4
36.d6 Rd4 37.Rxd4 Bxd4 38.d7 Bf6 39.Be4 Bd8 40.Bf5 b5 41.Bxg4  1/2-1/2

[Event "Barcelona Vulca"]
[Site "Barcelona"]
[Date "1991.??.??"]
[Round "5"]
[White "Cramling, Pia"]
[Black "Rodriguez Vargas, Orestes"]
[Result "1/2-1/2"]
[WhiteElo "2470"]
[BlackElo "2470"]

1.d4 Nf6 2.c4 g6 3.Nc3 Bg7 4.e4 d6 5.Nf3 O-O 6.Be2 e5 7.dxe5 dxe5 8.Qxd8 Rxd8
9.Bg5 Re8 10.Nd5 Nxd5 11.cxd5 c6 12.Bc4 a5  1/2-1/2

[Event "Beersheba"]
[Site "Beersheba"]
[Date "1991.??.??"]
[Round "?"]
[White "Fishbein, Alexander"]
[Black "Dolmatov, Sergey"]
[Result "0-1"]
[WhiteElo "2465"]
[BlackElo "2620"]

1.Nf3 Nf6 2.c4 g6 3.Nc3 Bg7 4.e4 d6 5.d4 O-O 6.Be2 e5 7.Be3 c6 8.d5 Ng4 9.Bd2 f5
10.Bg5 Nf6 11.dxc6 bxc6 12.Qd2 fxe4 13.Bxf6 Bxf6 14.Nxe4 Bf5 15.Nxf6+ Qxf6
16.Rd1 Rd8 17.Qg5 Kg7 18.O-O Na6 19.g4 Be6 20.Qxf6+ Kxf6 21.Nd2 Rab8 22.Ne4+ Ke7
23.b3 Nc5 24.Nxc5 dxc5 25.Bf3 Rd4 26.Rxd4 cxd4 27.Re1 Kd6 28.c5+ Kxc5 29.Rxe5+ Bd5
30.Bxd5 cxd5 31.Kf1 d3 32.Ke1 Kd4 33.Re7 a5 34.Rxh7 Re8+ 35.Kd1 Re2 36.a4 Rxf2
37.h4 Rg2 38.h5 g5 39.h6 Rxg4 40.Rg7 Rg1+ 41.Kd2 Rg2+ 42.Kd1 Rh2 43.h7 g4
44.b4 axb4 45.a5 b3 46.a6 b2 47.Rb7 Rxh7 48.Rxb2 Kc3  0-1

[Event "Beersheba"]
[Site "Beersheba"]
[Date "1991.??.??"]
[Round "?"]
[White "Fishbein, Alexander"]
[Black "Tseitlin, Mark D"]
[Result "1/2-1/2"]
[WhiteElo "2465"]
[BlackElo "2435"]

1.Nf3 Nf6 2.c4 g6 3.Nc3 Bg7 4.e4 d6 5.d4 O-O 6.Be2 e5 7.Be3 Na6 8.O-O Qe8
9.h3 Nd7 10.Re1 f5 11.exf5 gxf5 12.dxe5 dxe5 13.c5 c6 14.Bxa6 bxa6 15.Bf4 Qe7
16.Qb3+ Kh8 17.Qc4 Rg8 18.Re2 Bf6 19.Bh2 e4 20.Bd6 Qg7 21.Ne1 Ne5 22.Bxe5 Bxe5
23.Rd1 Qh6 24.Red2 Be6 25.Rd6 Bh2+ 26.Kh1 Bxd6 27.Qd4+ Qg7 28.Qxg7+ Rxg7
29.Rxd6 Bd7 30.Nc2 Rag8 31.g3 f4 32.Ne2 e3 33.Nxf4 exf2 34.Kg2 Rxg3+ 35.Kxf2 Bxh3
36.Nd4 Bc8 37.Nxc6 R3g4 38.Rf6 Rh4 39.Ne7 Rh2+ 40.Kf3 Bg4+ 41.Kg3 Re8 42.Kxh2 Rxe7
43.Kg3 h5 44.Rxa6 Kg8 45.Nd5 Rg7 46.Nf6+ Kf8 47.Nxg4 Rxg4+ 48.Kh3 Rc4 49.c6 Ke8
50.b3 Rc5 51.Kh4 Kd8 52.Rxa7 Rxc6 53.Kxh5 Rf6 54.Kg4 Kc8 55.Ra5 Kb7 56.Rf5 Re6
57.b4 Ra6 58.Rf7+ Kb8 59.Rf8+ Kb7 60.Rf7+ Kb8 61.Rf2 Ra4 62.Rb2 Kb7 63.a3 Rxa3  1/2-1/2

[Event "CHN-CIS"]
[Site "Beijing"]
[Date "1991.??.??"]
[Round "?"]
[White "Chekhov, Valery A"]
[Black "Xu Jun"]
[Result "1/2-1/2"]
[WhiteElo "2525"]
[BlackElo "2535"]

1.d4 Nf6 2.c4 d6 3.Nc3 g6 4.e4 Bg7 5.Nf3 O-O 6.Be2 e5 7.O-O Na6 8.Be3 c6
9.a3 Qe7 10.d5 Ng4 11.Bg5 f6 12.Bh4 c5 13.Nd2 Nh6 14.Rb1 Nf7 15.f3 Bh6 16.Bf2 Bd7
17.b4 b6 18.Rb2 Nd8 19.Qc2 Nb7 20.Ra1 Bg5 21.Bd3 h5 22.Qd1 Kg7 23.Qe2 Rf7
24.Nb5 Qd8 25.Kh1 Nc7 26.bxc5 dxc5 27.a4 Ne8 28.Nc3 a5 29.Nb5 Nbd6 30.Nxd6 Nxd6
31.Nb1 Qc7 32.Nc3 Rb8 33.Rab1 Rb7 34.Rb3 Rf8 35.Qb2 Rfb8 36.h4 Bh6 37.g3 Qd8
38.Bf1 Qe8 39.Ra3 Qe7 40.Qe2 Kh7 41.Kh2 Qe8 42.Bh3 f5 43.Re1 Qf7 44.exf5 gxf5
45.Rb3 Bg7 46.Be3 Re8 47.Bg5 Qg6 48.Reb1 e4 49.Bf1 exf3 50.Qxf3 Ne4 51.Ne2 Nxg5
52.hxg5 Qxg5 53.Rxb6 Rxb6 54.Rxb6 h4 55.Nf4 Bxa4 56.Ne6 hxg3+ 57.Qxg3 Qxg3+
58.Kxg3 Be5+ 59.Kf3 Bd1+ 60.Be2 Bc2 61.Ra6 a4 62.Nxc5 Bd4 63.Ne6 Bb2 64.Ng5+ Kg8
65.d6 Bb3 66.Ne6 Rxe6 67.d7 Rxa6 68.d8=Q+ Kg7 69.Qd7+ Kf6 70.c5 a3 71.Qd8+ Kg6
72.Bxa6  1/2-1/2

[Event "Beijing op"]
[Site "Beijing"]
[Date "1991.??.??"]
[Round "7"]
[White "Eingorn, Vereslav S"]
[Black "Asanov, Bolat"]
[Result "0-1"]
[WhiteElo "2575"]
[BlackElo "2325"]

1.d4 Nf6 2.Nf3 g6 3.c4 Bg7 4.Nc3 O-O 5.e4 d6 6.Be2 Na6 7.O-O e5 8.Re1 Qe8
9.Bf1 Bg4 10.d5 Nb4 11.Qb3 a5 12.Nd2 Nd7 13.Na4 Na6 14.Qc2 Nf6 15.Nb1 Bd7
16.Nbc3 Nh5 17.Bd2 f5 18.exf5 Bxf5 19.Ne4 Nb4 20.Qd1 Bxe4 21.Rxe4 Qf7 22.f3 Nf6
23.Re1 e4 24.a3 exf3 25.gxf3 Ng4 26.fxg4 Qf2+ 27.Kh1 Bd4 28.Bg2 Nd3 29.Be3 Qxe3  0-1

[Event "Belgrade op"]
[Site "Belgrade"]
[Date "1991.??.??"]
[Round "?"]
[White "Nikcevic, Nebojsa"]
[Black "Cabrilo, Goran"]
[Result "0-1"]
[WhiteElo "2440"]
[BlackElo "2490"]

1.d4 Nf6 2.Nf3 d6 3.c4 g6 4.Nc3 Bg7 5.e4 O-O 6.Be2 Nbd7 7.O-O e5 8.Qc2 c6
9.Rd1 Qe7 10.d5 c5 11.Rb1 Nh5 12.g3 Nb6 13.Ne1 f5 14.exf5 Bxf5 15.Ne4 Nd7
16.Bxh5 gxh5 17.Ng2 Nf6 18.f3 Nxe4 19.fxe4 Bh3 20.Be3 Rf7 21.Rf1 Raf8 22.Rxf7 Qxf7
23.Qe2 Qg6 24.Qc2 Bf6 25.Rf1 Rf7 26.Rf3 Be7 27.Rxf7 Qxf7 28.Qe2 Bg4 29.Qd3 a6
30.Ne1 h4 31.Bd2 h3 32.Be3 Bd8 33.Qd2 Qg6 34.Qd3 Ba5 35.Bd2 Bxd2 36.Qxd2 Qxe4
37.b3 b5 38.cxb5 axb5 39.Nc2 Bf5 40.Ne3 Bg6 41.a3 Qd4 42.Qxd4 exd4 43.Ng4 c4
44.bxc4 bxc4 45.Kf1 c3 46.Ke1 d3 47.Ne3 Be8  0-1

[Event "Belgrade-A"]
[Site "Belgrade"]
[Date "1991.??.??"]
[Round "3"]
[White "Markovic, Miroslav"]
[Black "Golubev, Mihail"]
[Result "0-1"]
[WhiteElo "2395"]
[BlackElo "2420"]

1.d4 Nf6 2.c4 g6 3.Nc3 Bg7 4.e4 d6 5.Be2 O-O 6.Nf3 e5 7.dxe5 dxe5 8.Qxd8 Rxd8
9.Bg5 c6 10.Nxe5 Re8 11.O-O-O Na6 12.Rd6 Nh5 13.Ng4 Nc5 14.Nh6+ Kf8 15.Bxh5 Bxc3
16.Bf3 Be5 17.Rd2 Be6 18.b3 a5 19.Be3 b6 20.Kc2 a4 21.Rb1 axb3+ 22.axb3 Ra2+
23.Kd1 Rxd2+ 24.Kxd2 Rd8+ 25.Kc2 Ra8 26.Bxc5+ bxc5 27.Ng4 Ra2+ 28.Kd3 Bxg4
29.Bxg4 Rxf2 30.Bf3 Bxh2 31.Rh1 Be5 32.Rxh7 Rb2 33.Rh1 Rxb3+ 34.Kd2 Rb2+
35.Kd3 Rb3+ 36.Kd2 Ke7 37.Bd1 Ra3 38.Rh3 Bf4+ 39.Ke2 Ra2+ 40.Kf3 Be5 41.Be2 Bd4
42.Rh1 g5 43.Bd3 Rd2 44.Bb1 Rf2+ 45.Kg4 Rxg2+ 46.Kf5 g4 47.e5 Be3 48.Re1 Bd2
49.Rf1 Bc3 50.Be4 Re2 51.Rg1 Rf2+ 52.Kxg4 Bxe5 53.Bd3 Rf4+ 54.Kg5 Ke6 55.Rf1 f6+
56.Kh5 Rd4 57.Bf5+ Kf7 58.Rc1 Bg3 59.Bg4 Re4 60.Rc3 Re5+ 61.Kh6 Bf4+ 62.Kh7 Rg5
63.Be2 f5 64.Ra3 Rg7+ 65.Kh8 Kf6 66.Ra8 Be5 67.Re8 Bd4 68.Rd8 Rg2 69.Bf3 Rh2+  0-1

[Event "Belgrade-A"]
[Site "Belgrade"]
[Date "1991.??.??"]
[Round "8"]
[White "Vasiljevic, Dragan"]
[Black "Markovic, Miroslav"]
[Result "1/2-1/2"]
[WhiteElo "2345"]
[BlackElo "2395"]

1.d4 Nf6 2.c4 g6 3.Nc3 Bg7 4.e4 d6 5.Nf3 O-O 6.Be2 e5 7.d5 a5 8.Bg5 h6 9.Bh4 Na6
10.Nd2 Qe8 11.O-O Nh7 12.a3 h5 13.f3 Bd7 14.b3 Bh6 15.Rb1 Be3+ 16.Kh1 Bc5
17.Qc1 c6 18.Na2 cxd5 19.b4 axb4 20.axb4 Be3 21.exd5 Bf5 22.Rb3 Bf4 23.Nc3 Qd7
24.Qd1 Rac8 25.Nde4 Bxe4 26.fxe4 Bg5  1/2-1/2

[Event "Bellinge"]
[Site "Bellinge"]
[Date "1991.??.??"]
[Round "1"]
[White "Burgess, Graham"]
[Black "Schandorff, Lars"]
[Result "0-1"]
[WhiteElo "2300"]
[BlackElo "2425"]

1.d4 Nf6 2.c4 g6 3.Nc3 Bg7 4.e4 d6 5.Nf3 O-O 6.Be2 e5 7.O-O Na6 8.Re1 c6
9.h3 exd4 10.Nxd4 Re8 11.Bf3 Qb6 12.Nc2 Be6 13.Be3 Qc7 14.Na3 Nd7 15.Qd2 Ndc5
16.Rad1 Be5 17.b3 f5 18.Bd4 f4 19.Ne2 Qf7 20.Qc3 Nd7 21.Bg4 Nac5 22.f3 a5
23.Bxe5 dxe5 24.Rd6 Bxg4 25.hxg4 Re6 26.Red1 Qe7 27.R6d2 Nf6 28.Nc2 Nfxe4
29.fxe4 Nxe4 30.Qf3 Qc5+ 31.Kf1 Nxd2+ 32.Rxd2 e4 33.Qh3 Rd6 34.Ned4 Rad8
35.Qh6 Qe5 36.g3 fxg3 37.Qe3 Qf6+ 38.Kg2 c5 39.Qxe4 cxd4 40.Kxg3 Re6 41.Qxb7 d3  0-1

[Event "Benidorm op"]
[Site "Benidorm"]
[Date "1991.??.??"]
[Round "5"]
[White "Gallego, Victoriano"]
[Black "Gallagher, Joseph G"]
[Result "0-1"]
[WhiteElo "2305"]
[BlackElo "2520"]

1.d4 Nf6 2.Nf3 g6 3.c4 Bg7 4.Nc3 d6 5.e4 O-O 6.Be2 e5 7.d5 a5 8.Be3 Ng4 9.Bg5 f6
10.Bd2 f5 11.O-O Na6 12.Ne1 Nf6 13.exf5 Bxf5 14.Be3 b6 15.Nd3 Qe7 16.Qd2 e4
17.Nf4 Nc5 18.Rae1 Rae8 19.a3 a4 20.Qd1 Bd7 21.Kh1 Kh8 22.Nb5 Bxb5 23.cxb5 Nfd7
24.Qc2 Qe5 25.Bxc5 Nxc5 26.Ne6 Nxe6 27.dxe6 d5 28.f3 e3 29.Qxa4 Rxe6 30.Qc2 Re7
31.b4 Qc3 32.Qd3 Qxd3 33.Bxd3 Ra8 34.Bc2 Bc3 35.Rd1 d4  0-1

[Event "Berliner Sommer"]
[Site "Berlin"]
[Date "1991.??.??"]
[Round "?"]
[White "Ikonnikov, Vyacheslav"]
[Black "Tseitlin, Mikhail S"]
[Result "1-0"]
[WhiteElo "2480"]
[BlackElo "2480"]

1.d4 Nf6 2.Nf3 g6 3.c4 Bg7 4.Nc3 O-O 5.e4 d6 6.Be2 e5 7.O-O Na6 8.Be3 Qe8
9.dxe5 dxe5 10.Nd2 b6 11.Nd5 c6 12.Nxf6+ Bxf6 13.c5 Nxc5 14.Bxc5 bxc5 15.Qc2 Rb8
16.Nb3 Be7 17.Rfd1 Be6 18.Bf1 Bg4 19.Rd2 Bg5 20.Rd3 Be7 21.Rc3 Qd8 22.Nxc5 Qb6
23.h3 Be6 24.b3 Rbd8 25.Be2 Rd6 26.Rd1 Rxd1+ 27.Bxd1 Bxc5 28.Rxc5 Rd8 29.Bg4 Bxg4
30.hxg4 Rd6 31.Rxe5 Qd8 32.g3 Rd1+ 33.Kg2 Rd2 34.Qc5 Rxa2 35.g5 Rd2 36.Qxa7 Qd4
37.Qxd4 Rxd4 38.Rc5 Rd3 39.Rxc6 Rxb3 40.Rc8+ Kg7 41.Rc7 Rb2 42.Kf3 Rb5 43.Kf4 Ra5
44.f3 Rb5 45.Rd7 Ra5 46.Rb7 Rc5 47.Ra7 Rb5 48.Rd7 Ra5 49.Kg4 Ra4 50.Re7 Rb4
51.Rd7 Ra4 52.Kh3 Kg8 53.e5 Ra2 54.f4 Rf2 55.Rc7 Kf8 56.Rc4 Kg7 57.Rd4 Re2
58.Rd7 Re3 59.Kg2 Kg8 60.Kf2 Re4 61.Rd1 Ra4 62.Ke3 Kg7 63.Rd7 Ra3+ 64.Kd4 Kg8
65.e6 fxe6 66.Ke5 Ra5+ 67.Kf6 Rf5+ 68.Kxe6 Rf8 69.Kd6 Rf5 70.Rd8+ Kf7 71.Rc8 Kg7
72.Rc7+ Kg8 73.Re7 Kh8 74.Re5 Rf8 75.Kd7 Rf7+ 76.Kd8 h6 77.Re8+ Kg7 78.Re7 hxg5
79.fxg5  1-0

[Event "Berliner Sommer"]
[Site "Berlin"]
[Date "1991.??.??"]
[Round "?"]
[White "Ruban, Vadim"]
[Black "Lingnau, Carsten"]
[Result "1-0"]
[WhiteElo "2575"]
[BlackElo "2315"]

1.d4 Nf6 2.c4 g6 3.Nc3 Bg7 4.e4 d6 5.Be2 O-O 6.Nf3 e5 7.O-O Na6 8.Be3 c6
9.d5 Ng4 10.Bg5 f6 11.Bh4 c5 12.Nd2 Nh6 13.a3 Nf7 14.Rb1 Bh6 15.b4 Bg5 16.Bxg5 Nxg5
17.Qc2 Qe7 18.Kh1 Bd7 19.Bd3 Kh8 20.Qb2 Qg7 21.f3 Nf7 22.Rf2 f5 23.exf5 gxf5
24.Bc2 Qf6 25.f4 e4 26.Nf1 Kg8 27.Ne3 h5 28.Bd1 Qg6 29.Qe2 Qf6 30.Ba4 Be8
31.Bxe8 Rfxe8 32.Na4 cxb4 33.axb4 Qg6 34.c5 Nc7 35.Nc3 Rad8 36.Nb5 Nxb5 37.Qxb5 Rb8
38.Ra2 a6 39.Qd7 Nh6 40.c6 Ng4 41.Qxf5 Qxf5 42.Nxf5 bxc6 43.dxc6 e3 44.c7 Rbc8
45.Nxd6 Nf2+  1-0

[Event "Berliner Sommer"]
[Site "Berlin"]
[Date "1991.??.??"]
[Round "?"]
[White "Eingorn, Vereslav S"]
[Black "Titov, German"]
[Result "1-0"]
[WhiteElo "2585"]
[BlackElo "2505"]

1.d4 d6 2.Nf3 g6 3.c4 Bg7 4.Nc3 Nf6 5.e4 O-O 6.Be2 e5 7.O-O Nbd7 8.Qc2 Qe7
9.Rd1 c6 10.d5 c5 11.g3 Kh8 12.Bg5 a6 13.a3 Qe8 14.b4 Nh5 15.Bd2 f5 16.Ng5 cxb4
17.axb4 Ndf6 18.c5 h6 19.Ne6 Bxe6 20.dxe6 Qxe6 21.cxd6 f4 22.Be1 Rad8 23.b5 fxg3
24.hxg3 Rxd6 25.Rxd6 Qxd6 26.bxa6 bxa6 27.Rxa6 Qc5 28.Kg2 Kh7 29.Qb3 Qc8
30.Ra7 Qc6 31.Qb4 Ra8 32.Rb7 Rc8 33.Bd2 Rc7 34.Rb5 Qd7 35.Be3 Qc8 36.Rb8 Qd7
37.Na4 Rc8 38.Nc5 Rxb8 39.Qxb8 Qe8 40.Qb7 g5 41.Bc4 Qd8 42.Be6 Kh8 43.Bf5 Kg8
44.g4 Nf4+ 45.Bxf4  1-0

[Event "Bern"]
[Site "Bern"]
[Date "1991.??.??"]
[Round "1"]
[White "Wirthensohn, Heinz"]
[Black "Gallagher, Joseph G"]
[Result "1-0"]
[WhiteElo "2460"]
[BlackElo "2520"]

1.Nf3 Nf6 2.c4 g6 3.Nc3 Bg7 4.e4 d6 5.d4 O-O 6.Be2 e5 7.Be3 Na6 8.d5 Ng4
9.Bg5 f6 10.Bh4 Nh6 11.Nd2 c5 12.f3 Qe8 13.a3 f5 14.O-O f4 15.b4 Bf6 16.Bf2 g5
17.Nb5 Qd7 18.bxc5 Nxc5 19.Nb3 b6 20.a4 a5 21.Nxc5 bxc5 22.Rb1 Nf7 23.Rb3 h5
24.h3 Nh6 25.Qa1 Rf7 26.Qa3 Be7 27.Rd1 Rg7 28.Bxc5 dxc5 29.d6 Bf6 30.Nc7 Ra7
31.Qxc5 Rxc7 32.dxc7 Qxc7 33.Qb6 Qe7 34.Rd6 Rg6 35.Qc6 Kh7 36.Rb6 Nf7 37.Rxf6 Bd7
38.Rxf7+ Qxf7 39.Qc7 Rxb6 40.Qxb6 Bxa4 41.Qxa5 Qe8 42.Qc7+ Kg6 43.Qd6+ Kf7
44.c5 Qe6 45.Qc7+ Kf6 46.Qd8+ Kg6 47.Qb6 Kf7 48.Qb4 Qc6 49.Bc4+ Kf6 50.Qa5 g4
51.Qd8+ Kg6 52.Qg8+ Kh6 53.Qf8+ Kg5 54.hxg4 Kh4 55.gxh5 Qd7 56.Qf6+  1-0

[Event "Biel Mixed"]
[Site "Biel"]
[Date "1991.??.??"]
[Round "1"]
[White "Cramling, Pia"]
[Black "Todorcevic, Miodrag"]
[Result "1-0"]
[WhiteElo "2485"]
[BlackElo "2435"]

1.d4 g6 2.e4 Bg7 3.c4 d6 4.Nc3 Nd7 5.Nf3 e5 6.Be2 Ngf6 7.O-O O-O 8.Qc2 a6
9.dxe5 dxe5 10.Be3 Ng4 11.Bg5 f6 12.Bd2 Nh6 13.Rad1 c6 14.c5 Qe7 15.Na4 Rb8
16.Ba5 Nf7 17.Bc7 Ra8 18.Bd6 Nxd6 19.cxd6 Qe8 20.b4 Kh8 21.Nd2 f5 22.Nc4 Qd8
23.Nc5 Qf6 24.f4 Nxc5 25.bxc5 Be6 26.Nxe5 fxe4 27.Qxe4 Rad8 28.Bc4 g5 29.Bd3 Bg8
30.Rf3 g4 31.Rff1 Rfe8 32.Rfe1 b6 33.Bc4 bxc5 34.d7 Re7 35.Ng6+  1-0

[Event "Biel op (Women)"]
[Site "Biel"]
[Date "1991.??.??"]
[Round "3"]
[White "Maric, Alisa"]
[Black "Veroci, Zsuzsa"]
[Result "1/2-1/2"]
[WhiteElo "2420"]
[BlackElo "2325"]

1.d4 Nf6 2.c4 g6 3.Nc3 Bg7 4.e4 d6 5.Nf3 O-O 6.Be2 Nbd7 7.O-O e5 8.Re1 c6
9.Bf1 Re8 10.d5 c5 11.a3 Nf8  1/2-1/2

[Event "Biel Mixed"]
[Site "Biel"]
[Date "1991.??.??"]
[Round "3"]
[White "Cramling, Pia"]
[Black "Gallagher, Joseph G"]
[Result "1/2-1/2"]
[WhiteElo "2485"]
[BlackElo "2520"]

1.d4 Nf6 2.c4 g6 3.Nc3 Bg7 4.e4 d6 5.Nf3 O-O 6.Be2 e5 7.dxe5 dxe5 8.Qxd8 Rxd8
9.Bg5 Re8 10.Nd5 Nxd5 11.cxd5 c6 12.Bc4 cxd5 13.Bxd5 Nd7 14.Nd2 Nc5 15.O-O-O Ne6
16.Be3 Nf4 17.Bxf4 exf4 18.f3 Be6 19.Nb3 Bxd5 20.Rxd5 f5 21.exf5 Rac8+ 22.Kb1 Re2
23.f6 Bxf6 24.Rd2 Rce8  1/2-1/2

[Event "Biel op (Women)"]
[Site "Biel"]
[Date "1991.??.??"]
[Round "6"]
[White "Flear, Christine"]
[Black "Botan, Madalina S"]
[Result "0-1"]
[WhiteElo "2210"]
[BlackElo "2175"]

1.d4 d6 2.c4 g6 3.e4 Bg7 4.Nc3 Nd7 5.Nf3 e5 6.Be2 Ngf6 7.O-O O-O 8.Qc2 exd4
9.Nxd4 Re8 10.Rd1 Qe7 11.f3 c6 12.Bg5 h6 13.Bh4 g5 14.Nf5 Qf8 15.Bg3 Ne5
16.Nxd6 Re7 17.Nxc8 Qxc8 18.Rd2 Nh5 19.Bf2 Qe6 20.Nd1 g4 21.Bc5 gxf3 22.Bxf3 Nxf3+
23.gxf3 Rd7 24.Rxd7 Qxd7 25.Nf2 Qe6 26.Nd3 Kh8 27.Kh1 Rd8 28.Rd1 Qh3 29.Nf2 Qxf3+
30.Kg1 Rg8 31.Rd3 Bd4+ 32.Kf1 Qg2+ 33.Ke1 Qg1+  0-1

[Event "Biel"]
[Site "Biel"]
[Date "1991.??.??"]
[Round "7"]
[White "Gavrikov, Viktor"]
[Black "Kozul, Zdenko"]
[Result "0-1"]
[WhiteElo "2585"]
[BlackElo "2560"]

1.Nf3 Nf6 2.c4 g6 3.Nc3 Bg7 4.e4 d6 5.d4 O-O 6.Be2 e5 7.O-O Na6 8.d5 Nc5
9.Qc2 a5 10.Bg5 h6 11.Be3 b6 12.Nd2 Ng4 13.Bxg4 Bxg4 14.a3 Na6 15.Rab1 f5
16.f3 Bh5 17.b4 axb4 18.axb4 f4 19.Bf2 g5 20.Qd3 g4 21.fxg4 Bxg4 22.Nf3 Rf7
23.Rb3 Bf6 24.Kh1 Kh7 25.Rfb1 Rg7 26.Ne2 Bh5 27.Rg1 Qd7 28.Qc3 Rag8 29.Qd3 Qc8
30.Be1 Nb8 31.c5 bxc5 32.bxc5 Nd7 33.Bf2 Be7 34.cxd6 cxd6 35.Rc3 Qe8 36.g3 Nf6
37.gxf4 Rxg1+ 38.Nexg1 Qg6 39.Qf1 exf4 40.Rc7 Qxe4 41.Bh4 Nxd5 42.Ra7 Rg7
43.Bxe7 Nxe7 44.Ra3 Nf5  0-1

[Event "Biel op"]
[Site "Biel"]
[Date "1991.??.??"]
[Round "8"]
[White "Gheorghiu, Florin"]
[Black "Weindl, Alfred"]
[Result "1-0"]
[WhiteElo "2480"]
[BlackElo "2350"]

1.c4 g6 2.d4 Nf6 3.Nc3 Bg7 4.e4 d6 5.Be2 O-O 6.Nf3 e5 7.Be3 c6 8.d5 Ng4 9.Bg5 f6
10.Bh4 c5 11.Nd2 Nh6 12.f3 Nf7 13.Bd3 Na6 14.a3 Bh6 15.Qe2 Qe7 16.Rb1 Bg5
17.Bf2 f5 18.h4 Bf6 19.h5 f4 20.hxg6 hxg6 21.b4 b6 22.Bc2 Bd7 23.Ba4 Kg7
24.bxc5 Bxa4 25.Nxa4 Nxc5 26.Bxc5 bxc5 27.Kd1 Qc7 28.Nb3 Bd8 29.Kc2 Qe7 30.Qd2 Qg5
31.Nbxc5 dxc5 32.Nxc5 Re8 33.Ne6+ Rxe6 34.dxe6 Nh6 35.Rb7+ Be7 36.g4 Ng8
37.Qh2 Kf6 38.Qh8+ Kxe6 39.Rh7 Rc8 40.Rhxe7+ Qxe7 41.Rxe7+ Nxe7 42.Qg7 Rxc4+
43.Kb2 Rd4 44.g5 Rd3 45.Qf6+ Kd7 46.Qxe5 Rxf3 47.Qd4+ Ke6 48.Qf6+ Kd7 49.e5 Rf2+
50.Kb3 Rf3+ 51.Kc4 Rf1 52.Qd6+ Ke8 53.e6 Rc1+ 54.Kb3 Rc8 55.Qxf4 Nf5 56.Qa4+  1-0

[Event "Biel op (Women)"]
[Site "Biel"]
[Date "1991.??.??"]
[Round "8"]
[White "Maric, Alisa"]
[Black "Gerlach, Manuela"]
[Result "1-0"]
[WhiteElo "2420"]
[BlackElo "2075"]

1.d4 Nf6 2.c4 g6 3.Nc3 Bg7 4.e4 d6 5.Nf3 O-O 6.Be2 e5 7.Be3 Nc6 8.d5 Ne7
9.Nd2 Nd7 10.b4 f5 11.f3 Nf6 12.Rc1 f4 13.Bf2 g5 14.c5 Ng6 15.cxd6 cxd6 16.Nb5 Nh4
17.O-O Rf7 18.Nxa7 Bd7 19.a4 h5 20.a5 Bf8 21.Nb5 Ne8 22.Bb6 Qf6 23.Nc7 Nxc7
24.Rxc7 Qg6 25.h3 Rc8 26.Rxc8 Bxc8 27.b5 Rg7 28.Bf2 Be7 29.Qc2 Qe8 30.Rc1 Bd7
31.a6 bxa6 32.bxa6 g4 33.fxg4 hxg4 34.hxg4 Nxg2 35.Kxg2 Bxg4 36.Bxg4 Rxg4+
37.Kf1 Qh5 38.Nf3 Qh3+ 39.Ke2 Qg2 40.Rg1 Qh3 41.Qc8+ Kf7 42.Qxg4  1-0